000
00290nam a2200109Ia 4500
008
180117s9999 xx 000 0 und d
245
_a
This Week in Arts And Culture
260
_c
2015
300
_a
6-8 pages, 2015 December 20
440
_a
Philippine Panorama
650
_a
ARTS AND CULTURE
999
_c
353504
_d
353504